Statistics for punjabi words

Click here to take the quiz!

General Stats

  • This quiz has been taken 3 times
  • The average score is 4 of 15

Answer Stats

HintAnswer% Correct
girlkuri
67%
oldpurana
67%
waterpani
67%
boymuda
33%
phonePhōna
33%
jugjaga
33%
newnavam
33%
badbura
33%
memainu
0%
kitchenRasō'ī
0%
computerKapi computerṭara
0%
techTakanīka
0%
burrowbaro
0%
juicejusa
0%
errorgalati
0%

Score Distribution

Percentile by Number Answered

Percent of People with Each Score

Your Score History

You have not taken this quiz